Nomeie a moeda dos países - Statistics

Estatísticas Gerais
  • Esse quiz foi jogado 463 vezes
  • A pontuação média é 4 de 16
Estatísticas das Respostas
Hint Resposta % Correto
Japão Yen
75%
Uruguai Peso Uruguaio
70%
Argentina Peso Argentino
59%
Austrália Dólar Australiano
47%
Canadá Dólar Canadense
44%
México Peso Mexicano
39%
Estados Unidos Dólar Estadunidense
21%
Nova Zelândia Dólar Neozelandês
20%
China Yuan
19%
Índia Rupia Indiana
15%
Rússia Rublo Russo
14%
Tailândia Baht
6%
Hungria Florim Húngaro
4%
Lituânia Litas Lituano
2%
Reino Unido Pound Britânico
2%
Egito Pound Egípicio
1%
Nenhum quiz correspondente encontrado
Distribuição das Pontuações
Porcentagem de Pessoas com Cada Pontuação
Percentil de Números Respondidos
Sua Pontuação Histórica
Você não jogou esse quiz